000 00275nam a22001217a 4500
008 260424b ||||| |||| 00| 0 eng d
041 _aeng
080 _a0.1
100 _a30
101 _aHistori
245 _aJean Claude Faveyrial Historie de L Albanie
942 _2udc
_cBK
999 _c60996
_d60996